1036 1027 1247 1950 1025 1874 1631 1733 1092 1177 1638 1607 1970 1542 1194 1349 1000 1484 1653 1042 1805 1621 1286 1264 1520 1877 1174 1776 1386 1965 1264 1811 1689 1512 1728 1020 1470 1969 1995 1134 1675 1672 1494 1993 1765 1461 1270 1294 1567 1300 1361 1828 1962 1588 1029 1470 1733 1553 1589 1107 1502 1383 1841 1731 1484 1702 1352 1676 1325 1270 1986 1058 1883 1946 1156 1826 1622 1431 1886 1871 1194 1214 1101 1861 1153 1781 1871 1857 1451 1225 1856 1267 1259 1942 1860 1514 1383 1600 1617 BCNSPRNW ULIB Ver.6.0+V

เปลี่ยนเป็นภาษาไทย

Change to English
 แสดงรายละเอียดบรรณานุกรม
  กลับหน้าหลัก

Brief Record : Get Marc (ISO 2709) : E-mail record : QR code < ปิดหน้าต่าง
LEADER : 00000nam 2200000uu 4500
001    13399125242
003     ULIB
008    161123s2559||||th 000 0 tha d
020    ^a9786162832956
050  0 ^aDS578.32.S57 ^bก726ห
110 1  ^aกรมศิลปากร. ^bสำนักหอจดหมายเหตุแห่งชาติ
245 10 ^aหนังสือจดหมายเหตุงานเฉลิมพระเกียรติสมเด็จพระเทพรัตนราชสุดาเจ้าฟ้ามหาจักรีสิรินธร สยามบรมราชกุมารี ในโอกาสฉลองพระชนมายุ 5 รอบ2 เมษายน 2558 /^cบรรณาธิการ : กุลทรัพย์ เกษแม่นกิจ
250    ^aพิมพ์ครั้งที่ 1
260  1 ^aกรุงเทพฯ :^bสำนักหอจดหมายเหตุแห่งชาติ กรมศิลปากร,^c2559
300    ^a(9), 477 หน้า :^bภาพประกอบสี ;^c30 ซม.
505 0  ^aภาคที่ 1 พระราชประวัติ พระราชกรณียกิจ และพระเกียรติคุณ -- ภาคที่ 2 การจัดเตรียมงานเฉลิมพระเกียรติ -- ภาคที่ 3 พระราชพิธีฉลองพระชนมายุ 5รอบ สมเด็จพระเทพรัตนราชสุดาฯ สยามบรมราชกุมารี -- ภาคที่ 4พิธีถวายพระพรชัยมงคลและมหรสพสมโภช -- ภาคที่ 5โครงการและกิจกรรมเฉลิมพระเกียรติ
600 07 ^aเทพรัตนราชสุดาฯ สยามบรมราชกุมารี,^cสมเด็จพระ,^d2498 -^xชีวประวัติ
600 07 ^aเทพรัตนราชสุดาฯ สยามบรมราชกุมารี,^cสมเด็จพระ,^d2498 -^xพระราชกรณียกิจ
700 0  ^aกุลทรัพย์ เกษแม่นกิจ
945    ^p0^l0^i001554
999    ^aวรรณษา ชูชัยมงคล
รายการนี้ยังไม่มีแท็ก
คุณยังไม่ได้ล็อกอิน คุณสามารถมีกิจกรรมร่วมกับเว็บไซต์ได้ แต่ต้องล็อกอินก่อน ::
  ล็อกอิน

รายการสื่อสารสนเทศ

ลำดับที่ ประเภท เลขเรียก/บาร์โค้ด สถานที่ สถานะ
1. การศึกษาทั่วไป
การศึกษาทั่วไป
DS578.32.S57 ก726ห ฉ.1 
  Barcode: 001554
ห้องสมุดวิทยาเขตสวรรค์ประชารักษ์
►หนังสือทั่วไป
บนชั้น

BibComment


ยังไม่เคยถูกคอมเมนท์

คอมเมนท์ทรัพยากรรายการนี้
  คอมเมนท์: หนังสือจดหมายเหต..


 Copyright 2026. Bcnsprnw @Library